000 00512nam a22001577a 4500
999 _c11829
_d11829
008 190108b ||||| |||| 00| 0 eng d
020 _a971-542-288-8
082 _22001
_aDFil 899.211
_bP53
245 _aBaut (Ivatan)/
_cDamina Eugenio [Compiler and Editor]
260 _aQuezon City:
_bUP Press;
_cc2001.
300 _aPage 174-175;
_c23 cm.
500 _aPhilippine folk literature: the folktales
650 _aFolklore
_933678
650 _aPhilippine folk literature--Collections
_933679
942 _2ddc
_cDFIL